| 000 | 00518nam a22001817a 4500 | ||
|---|---|---|---|
| 003 | CEME | ||
| 005 | 20210628202652.0 | ||
| 008 | 210122b xxu||||| |||| 00| 0 eng d | ||
| 020 | _a1-85233-665-X | ||
| 040 | _cceme | ||
| 082 | _a620.118 CHU | ||
| 100 |
_aChung, Deborah.D.L _961000 |
||
| 245 | _aComposite materials science and applications functional materials for modern technologies | ||
| 260 |
_aNEW YORK _bSPRINGER _c2004 |
||
| 300 | _aXIII,288 P | ||
| 650 |
_aCOMPOSITE MATERIALS _925366 |
||
| 942 |
_cBK _2ddc |
||
| 999 |
_c570580 _d570580 |
||